| 000 | 00398nab a2200145Ia 4500 | ||
|---|---|---|---|
| 003 | ES-SlBCS | ||
| 005 | 20210601124927.0 | ||
| 008 | 140529s1983 xxu||||| |||| 00| 0 eng d | ||
| 041 | _aeng | ||
| 100 | 1 |
_aLewis, Hywel D. _9151218 |
|
| 245 | 0 | 4 |
_aThe Logic Limits of Willing _c Hywel D. Lewis |
| 650 | 0 | 4 |
_aVoluntarismo _9151546 |
| 773 | 0 |
_tMind _gvol. 92, 1983, págs. 585-589 _wRev1408 |
|
| 942 | _cAR | ||
| 999 |
_c521827 _d521827 |
||